000 00888cab a2200301 4500
001 WB3025-32
008 090401t1994 xxu||||| |||| 00| 0 eng d
035 _a(Sirsi) u28560
041 _aeng
245 _aJudge opens way to abolish counties
260 _c1994
350 _a0
490 _aTimes
_v29 June 1994, 6(1)
520 _aA high court decision has found no error in law in proposals from the Local Government Commission to abolish the county councils of Avon, Somerset and Cleveland.
650 _aAVON CC
650 _aBoundary disputes
_96221
650 _aCLEVELAND CC
650 _aCOUNTY COUNCILS
650 _aLOCAL AUTHORITIES
650 _aLOCAL GOVERNMENT COMMISSION
650 _aLOCAL GOVERNMENT REFORM
650 _aREFORM
650 _aSOMERSET CC
650 _aUNITARY AUTHORITIES
690 _aLAND
942 _n0
948 _c04/03/1997
999 _c19206
_d19206